Language Quiz

Random Language or Country Quiz

Countries in Spanish Quiz Stats

 Plays Quiz not verified by Sporcle

Score 0/21 Timer 04:00
0 Plays Today
Country in Spanish Country in English % Correct
Estados UnidosUSA
99.2%
EgiptoEgypt
98.4%
Nueva ZelandaNew Zealand
98.4%
SudáfricaSouth Africa
98.4%
CamboyaCambodia
95.3%
República ChecaCzech Republic
95.3%
NoruegaNorway
95.3%
ButánBhutan
90.6%
BielorrusiaBelarus
89%
KazajstánKazakhstan
89%
EslovaquiaSlovakia
88.2%
Country in Spanish Country in English % Correct
TúnezTunisia
85.8%
Reino UnidoUnited Kingdom
85%
DinamarcaDenmark
81.9%
AlemaniaGermany
80.3%
MarruecosMorocco
79.5%
LetoniaLatvia
73.2%
Costa de MarfilIvory Coast
67.7%
Países BajosNetherlands
55.9%
ChipreCyprus
49.6%
ArgeliaAlgeria
48.8%

You're not logged in!

Compare scores with friends on all Sporcle quizzes.
OR
Log In

Show Comments

Extras

Created Nov 28, 2010ReportNominate
Tags:Country Quiz, Spanish Quiz

Top Quizzes Today


Score Distribution

Your Account Isn't Verified!

In order to create a playlist on Sporcle, you need to verify the email address you used during registration. Go to your Sporcle Settings to finish the process.

Report this User

Report this user for behavior that violates our Community Guidelines.

Details: